000 00329pam a2200157a 44500
008 230515b2009 xxu||||| |||| 00| 0 eng d
020 _aNULL
041 _aENGLISH
082 _a5.133
100 _aSIERRA KATHY
245 _aHEAD FIRST JAVA
250 _a1
260 _aDELHI
_bNA
_c2009
300 _a688
650 _aNULL
999 _c636896
_d636896